Mecánica para ingenieros
Gorde:
| Egile nagusia: | |
|---|---|
| Formatua: | Liburua |
| Hizkuntza: | gaztelania |
| Argitaratua: |
Ciudad de México
Representaciones y Servicios de Ingeniería
1974
|
| Gaiak: | |
| Etiketak: |
Etiketa erantsi
Etiketarik gabe, Izan zaitez lehena erregistro honi etiketa jartzen!
|
MARC
| LEADER | 00000nam a2200000 a 4500 | ||
|---|---|---|---|
| 001 | UCV4712 | ||
| 003 | CL-VaPUC | ||
| 008 | 910724e19740000MX |||||||||||||||||spa|d | ||
| 082 | 0 | 4 | |a 620.1 |b HUA |2 21 |
| 100 | |a Huang, Tzu Chuen |e author |9 536436 | ||
| 245 | 1 | 0 | |a Mecánica para ingenieros |
| 300 | |a 2 v | ||
| 942 | |c BK | ||
| 945 | |d 19910724 00:00:00 | ||
| 260 | |a Ciudad de México |b Representaciones y Servicios de Ingeniería |c 1974 | ||
| 500 | |a v.1: Estática | ||
| 500 | |a v.2: Dinámica | ||
| 650 | 0 | |a Mecánica aplicada |9 260187 | |
| 583 | |a last modification |c 19910724 00:00:00 |k Rodrigo Vera | ||
| 999 | |c 211414 |d 211412 | ||
| 952 | |0 0 |1 0 |4 0 |6 620_100000000000000_HUA_1974 |7 0 |8 A |9 190651 |a BIBING |b BIBING |d 2019-11-14 |h v.1 |i 3130568 |o 620.1 HUA 1974 |p 3130568 |r 2025-01-20 |w 2019-11-14 |y BK |k ING | ||
| 952 | |0 0 |1 0 |4 0 |6 620_100000000000000_HUA_1974 |7 0 |8 A |9 190652 |a BIBING |b BIBING |d 2019-11-14 |h v.2 |i 1666347 |o 620.1 HUA 1974 |p 1666347 |r 2025-01-20 |w 2019-11-14 |y BK |k CCL | ||